00745nam a2200217 a 450000100060000000300090000600800410001502000180005604000280007404100080010208200150011024500750012525000110020026001280021130000110033950000500035065000330040065000310043365000250046470000380048925713CO-ViMGA141112s2004 ck r 000 u spa d a9789586957472 aCO-ViMGAbspacCO-ViMGA aSPA04a303.62 C6510aConstrucción de paz en Colombia / cÁngelika Rettberg, compiladora a1a ed. aBogotá : bUniversidad de los Andes, cFacultad de Ciencias Sociales, cDepartamento de Ciencia Política - CESO, c2013 a512 p. aIncluye índice de cuadros, figuras y tablas14aCONFLICTO ARMADO - COLOMBIA 14aPROCESO DE PAZ - COLOMBIA 14aVIOLENCIA - COLOMBIA1 aRettberg Beil, Beatriz Ángelika